00555nam a22001697a 450000500170000001000150001702000260003203500140005803700130007208200100008510000260009524500790012126000360020027001080023630000210034470000200036520241011142340.0 aENG-142109 c295.00a9789352301225 aEN-125641 bDBAD/PUB a518.1 aTemberveni, Venugopal aDesign and Analysis of Algorithms/cVenugopal Temberveni ; Sammulal Porika aHyderabadbBS Publicationc2016 a4-4-309/316, Giriraj Lane , Sultan BazarbHyderabade500 095k040-23445605k23445688minfo@bspbooks.net a271 p.c24cm(pb) aSammulal Porika